| 000 | 00639nam a2200181 i 4500 | ||
|---|---|---|---|
| 001 | 113622 | ||
| 003 | ES-MaACL | ||
| 005 | 20250815153438.0 | ||
| 007 | t| | ||
| 008 | 061121s1921 sp r ||||1| spa d | ||
| 100 | 1 |
_aNogales, Iván de, _d1884-1929 _985841 |
|
| 245 | 1 | 3 |
_aLa mujer, primer pintor de la humanidad : _bligeras reflexiones sobre génesis de arte rupestre / _cJuan de Nogales. |
| 260 |
_aMadrid : _b[s.n.], _c1921 ( _fGráf. Ambos Mundos) |
||
| 594 | _aJuan de Nogales Delicado o Iván de Nogales Delicado | ||
| 650 | 7 |
_aPintura rupestre _2embne _9163752 |
|
| 852 | 4 |
_aES-MaACL _j1610-F-9 |
|
| 999 |
_c113622 _d113622 |
||